000 00748nam a2200217Ii 4500
003 JO-AjNU
008 230605s9999||||xx |||||||||||||| ||und||
017 _a5307
020 _a977-308-186-9
040 _aJO-AjNU
_bara
_erda
_cJO-AjNU
041 _aara
050 1 4 _aDT20
100 3 _aهريدي، فرغلي علي تسن ,
_eauthor
_961868
245 0 0 _aتاريخ افريقيا الحديث والمعاصر: الكشوف-الاستعمار- الاستقلال
264 3 1 _aدسوق: دار العلم والايمان، د.ت
300 _a378ص
336 _atext
_btxt
_2rdacontent
337 _aunmediated
_bn
_2rdamedia
338 _avolume
_bnc
_2rdacarrier
650 4 _aافريقيا-تاريخ-العصر الحديث
_961869
999 _aA27987
_c31555
_d31555